|
|
|
|
| LEADER |
01078cam a2200289 7i4500 |
| 001 |
0000001045 |
| 005 |
20250218090000.0 |
| 020 |
|
|
|a 9789678911962
|
| 020 |
|
|
|a 9678911965 (pbk.)
|
| 040 |
|
|
|a OhCoOLI
|
| 090 |
0 |
0 |
|a KPG2554
|b .D73 2001
|
| 110 |
1 |
|
|a Malaysia
|
| 240 |
1 |
0 |
|a Drainage Works Act 1954
|
| 245 |
1 |
0 |
|a Drainage Works Act 1954 (Act 354) & Irrigation Areas Act 1953 (Act 386)
|c compiled by: Legal Research Board.
|
| 260 |
|
|
|a Petaling Jaya, Selangor:
|b International Law Book Services,
|c 2001-.
|
| 300 |
|
|
|a 28 p.;
|c 24 cm.
|
| 490 |
0 |
|
|a Laws of Malaysia
|
| 500 |
|
|
|a Library has : As at 10th August 2001
|
| 650 |
0 |
0 |
|a Canals --
|x Law and legislation --
|z Malaysia
|
| 650 |
0 |
0 |
|a Irrigation laws --
|z Malaysia
|
| 650 |
0 |
0 |
|a Drainage laws --
|z Malaysia
|
| 710 |
2 |
|
|a Legal Research Board
|
| 997 |
|
|
|a Health Sciences, Faculty
|
| 999 |
|
|
|a 0000008230
|b BOK
|c ACTS
|e Ground Floor, Bestari Jaya
|
| 999 |
|
|
|a 0000040349
|b BOK
|c ACTS
|e 2nd Floor, Shah Alam
|
| 999 |
|
|
|a 0000040350
|b BOK
|c ACTS
|e 2nd Floor, Shah Alam
|
| 999 |
|
|
|a 0000040351
|b BOK
|c ACTS
|e 2nd Floor, Shah Alam
|